Statistiques concernant Pays colonisés par les Grecs

Cliquez ici pour prendre le quiz!

Statistiques générales

  • Ce quiz a été pris 221 fois
  • Le résultat moyen est 15 sur 18

Statistiques - réponses

Pays% Correct
Turquie
98%
Italie
96%
France
94%
Albanie
92%
Macédoine
91%
Espagne
90%
Bulgarie
89%
Egypte
89%
Roumanie
88%
Chypre
87%
Croatie
87%
Libye
83%
Malte
83%
Monténégro
78%
Grèce
75%
Ukraine
74%
Russie
72%
Géorgie
60%

Distribution des résultats

Percentile par nombre de réponses

% des personnes avec chaque résultat

Votre développement - résultats

Vous n’avez pas pris ce quiz